|
|
|
|
| LEADER |
01473njm a2200385 a 4500 |
| 001 |
001066372 |
| 003 |
CZ BrMZK |
| 005 |
20100217085214.0 |
| 007 |
sd fsngnnmmned |
| 008 |
090930s2009 xr nnn g f cze |
| 028 |
0 |
1 |
|a 55072-2
|b Popron Music
|
| 040 |
|
|
|a BOA001
|b cze
|
| 072 |
|
7 |
|a 821.162.3-3
|x Česká próza
|2 Konspekt
|9 25
|
| 080 |
|
|
|a 821.162.3-32
|2 MRF
|
| 080 |
|
|
|a (0:82-321.5)
|2 MRF
|
| 080 |
|
|
|a (086.7)792
|2 MRF
|
| 080 |
|
|
|a (086.76)
|2 MRF
|
| 100 |
1 |
|
|a Klepl, Bohumil,
|d 1958-
|7 js20020325017
|4 aut
|4 prf
|4 sce
|
| 245 |
1 |
0 |
|a Bohumil Klepl v Divadle Kalich
|h [zvukový záznam] :
|b neuvěřitelné historky nejen z natáčení
|
| 246 |
3 |
0 |
|a Neuvěřitelné historky nejen z natáčení
|
| 260 |
|
|
|a Praha :
|b Popron Music :
|b Divadlo Kalich,
|c p2009
|
| 300 |
|
|
|a 1 zvuková deska :
|b digital, stereo ;
|c 12 cm
|
| 500 |
|
|
|a Kompaktní deska (DDD)
|
| 508 |
|
|
|a Josef Mladý, režie
|
| 511 |
1 |
|
|a Bohumil Kepl, Eva Laštovičková, účinkují
|
| 518 |
|
|
|a Nahráno 5.10.2009 v Divadle Kalich, Praha 1
|
| 655 |
|
7 |
|a české příběhy
|7 fd133973
|2 czenas
|
| 655 |
|
7 |
|a humoristické příběhy
|7 fd132430
|2 czenas
|
| 655 |
|
4 |
|a záznamy divadelních představení
|
| 655 |
|
7 |
|a kompaktní desky
|7 fd201991
|2 czenas
|
| 700 |
1 |
|
|a Laštovičková, Eva,
|d 1983-
|7 xx0110633
|4 prf
|
| 910 |
2 |
|
|a BOA001
|b CDA-1234.018
|
| 990 |
|
|
|a AV
|
| 991 |
|
|
|b 201002
|
| 996 |
6 |
|
|b 2610404559
|c CDA-1234.018
|l MZK
|r Sklad / do 24 hodin
|n 1
|p p.v.
|w 001098865
|u 000010
|a 1
|e BOA001
|j MZK50
|s P
|